000 00310nam a22001217a 4500
008 230703b xxu||||| |||| 00| 0 eng d
082 _a342.16
_bIPU 2005
245 _aConstitutional & Parliamentary Information
260 _bInterparliamentary Union
_c2005
300 _a121p
440 _n190
942 _2ddc
_cBK
999 _c3200
_d3200